ბათუმის შოთა რუსთაველის სახელმწიფო უნივერსიტეტის ბიბლიოთეკა

დედა-ისტორია. ნაკვ. 2, ბაზალეთიდან წიწამურამდე : (ბიბ.ჩანაწერი № 56354)

000 -ლიდერი
ფიქსირებული სიგრძის საკონტროლო ველი 01251nam a2200253Ia 4500
001 - საკონტროლო ნომერი
საკონტროლო ველი 23467
003 - საკონტროლო ნომრის იდენტიფიკატორი
საკონტროლო ველი GE_BSU
005 - ბოლო ოპერაციის თარიღი და დრო
საკონტროლო ველი 20260126212857.0
008 - ფიქსირებული სიგრძის მონაცემთა ელემენტები - ზოგადი ინფორმაცია
ფიქსირებული სიგრძის საკონტროლო ველი 181216s1986||||ge |||||||||||||| ||geo||
040 ## - კატალოგიზაციის წყარო
Transcribing agency GE_BSU
041 ## - ენის კოდი
Language code of text/sound track or separate title geo
080 ## - უნივერსალური ათობითი კლასიფიკაციის ინდექსი
Universal Decimal Classification number 94(479.22) ს-26
100 ## - მთავარი ჩანაწერი - პიროვნების სახელი
Personal name სანიკიძე, ლევან
9 (RLIN) 26741
245 ## - ცნობა სათაურის შესახებ
Title დედა-ისტორია. ნაკვ. 2, ბაზალეთიდან წიწამურამდე :
Remainder of title კარი მეექვსე. ბაზალეთიდან ბახტრიონამდე /
Statement of responsibility, etc ლევან სანიკიძე ; შემდგ. მ. ჩხაიძე ; რედ. გ.ჯამბურია.
264 ## - წარმოების, გამოცემის, დისტრიბუციის და სხვა ცნობები
გამოცემის, წარმოების, დისტრიბუციის... ადგილი თბილისი :
გამოცემის, წარმოების, დისტრიბუციის... სახელწოდება თბილ. უნ-ტის გამ-ბა,
გამოცემის, წარმოების, დისტრიბუციის... თარიღი 1986.
300 ## - ფიზიკური აღწერა
Extent 350 გვ.
Dimensions 20სმ.
500 ## - ზოგადი შენიშვნა
General note საძიებლები.: გვ. 332-348
504 ## - BIBLIOGRAPHY, ETC. NOTE
Bibliography, etc ბიბლიოგრაფია: გვ. 324-331
653 ## - INDEX TERM--UNCONTROLLED
Uncontrolled term დედა-ისტორია
653 ## - INDEX TERM--UNCONTROLLED
Uncontrolled term ნაკვ. 2 : ბაზალეთიდან წიწამურამდე
700 ## - ADDED ENTRY--PERSONAL NAME
Personal name ჩხაიძე, მ.
Relator term შემდგენელი
9 (RLIN) 869
942 ## - ADDED ENTRY ELEMENTS (KOHA)
Koha item type წიგნი
Source of classification or shelving scheme
ეგზემპლარები
ჩამოწერის სტატუსი დაკარგული ეგზემპლარის სტატუსი კლასიფიკაციის წყარო ან თაროზე გაწყობის სქემა დაზიანების სტატუსი არ გაიცემა მუდმივი მდებარეობა (დაცვის ადგილი) ამჟამინდელი ადგილსამყოფელი თაროზე განთავსების ადგილი შეძენის თარიღი ღირებულება, შესყიდვის ნორმალური ფასი სრული შენახვის შიფრი შტრიხკოდი ბოლო ოპერაციის თარიღი ეგზემპლარის მიმდევრობითი ნომერი (კეტერი?) ფასის ძალაში შესვლის თარიღი ეგზემპლარის სახეობა საჯარო შენიშვნა
          ბათუმის შოთა რუსთაველის სახელმწიფო უნივერსიტეტის მთავარი ბიბლიოთეკა ბათუმის შოთა რუსთაველის სახელმწიფო უნივერსიტეტის მთავარი ბიბლიოთეკა წიგნსაცავი 2018-12-17 3.34 94(479.22) ს-26 28382 2018-12-17 28382 2018-12-17 წიგნი 3.34 ₾.